El cardenal Napellus
Saved in:
| Main Author: | |
|---|---|
| Format: | Book |
| Language: | Spanish |
| Published: |
Buenos Aires
Libreria La Ciudad
1979
|
| Series: | <La >Biblioteca de Babel, 4
|
| Subjects: | |
| Tags: |
Add Tag
No Tags, Be the first to tag this record!
|
MARC
| LEADER | 00000nam a2200000 a 4500 | ||
|---|---|---|---|
| 001 | UCQ0059 | ||
| 003 | CL-VaPUC | ||
| 008 | 980619e19790000AG |||||||||||||||||spa|d | ||
| 082 | 0 | 4 | |a 839.403 |b MEY |2 21 |
| 100 | |a Meyrink, Gustav |e autor |9 572005 | ||
| 245 | 1 | 3 | |a El cardenal Napellus |
| 300 | |a 71 p | ||
| 942 | |c BK | ||
| 945 | |d 19980619 00:00:00 |a mvenant | ||
| 260 | |a Buenos Aires |b Libreria La Ciudad |c 1979 | ||
| 650 | 0 | |a Novelas austriacas |9 269443 | |
| 650 | 7 | |a LITERATURA FANTASTICA AUSTRIACA |2 CL-VaPUC |9 413066 | |
| 650 | 0 | |a Literatura fantástica |9 266050 | |
| 583 | |a last modification |c 19980619 00:00:00 |k Rodrigo Vera | ||
| 490 | 0 | |a <La >Biblioteca de Babel, 4 | |
| 999 | |c 271221 |d 271219 | ||
| 952 | |0 0 |1 0 |4 0 |6 839_403000000000000_MEY_1979 |7 0 |8 A |9 305810 |a BIBARQ |b BIBARQ |d 2019-11-20 |i 3437248 |o 839.403 MEY 1979 |p 3437248 |r 2025-01-20 |w 2019-11-20 |y BK |k ARQ | ||